00285nam a2200133Ia 45000030006000000080041000060400015000471000017000622450024000792600009001033000008001125460014001200050017001340STCL150530s9999 xx 000 0 und d aSTCLcSTCL aJohn paul II aJeevante Suvisesham c1995 a170 aMalayalam20220125165336.0